Is mediation a waste of time? (Record no. 73200)
[ view plain ]
| 000 -LEADER | |
|---|---|
| fixed length control field | 00824cam a2200205 4500 |
| 001 - CONTROL NUMBER | |
| control field | ABS66888 |
| 008 - FIXED-LENGTH DATA ELEMENTS--GENERAL INFORMATION | |
| fixed length control field | 030808n2003 000 0 eng u |
| 035 ## - SYSTEM CONTROL NUMBER | |
| System control number | (Sirsi) u123248 |
| 100 ## - MAIN ENTRY--PERSONAL NAME | |
| Personal name | Khoshnaw, G. |
| 245 ## - TITLE STATEMENT | |
| Title | Is mediation a waste of time? |
| 260 ## - PUBLICATION, DISTRIBUTION, ETC. | |
| Date of publication, distribution, etc. | 2003 |
| 490 ## - SERIES STATEMENT | |
| Series statement | RICS Minerals and Waste Management Faculty Feature |
| Volume/sequential designation | 28 July 2003 (2) |
| 520 ## - SUMMARY, ETC. | |
| Summary, etc. | Considers the use of mediation to resolve disputes concerning waste facilities. Sets out how to begin the process and prepare for mediation and outlines the mediation process itself. Concludes that the principle advantages of mediation are that it is confidential, cost effective and quick. |
| 590 ## - LOCAL NOTE (RLIN) | |
| Local note | ABS |
| 650 ## - SUBJECT ADDED ENTRY--TOPICAL TERM | |
| Topical term or geographic name entry element | MEDIATION |
| 650 ## - SUBJECT ADDED ENTRY--TOPICAL TERM | |
| Topical term or geographic name entry element | WASTE MANAGEMENT DISPUTES |
| 690 ## - LOCAL SUBJECT ADDED ENTRY--TOPICAL TERM (OCLC, RLIN) | |
| Topical term or geographic name as entry element | Dispute resolution |
| 9 (RLIN) | 6236 |
| 700 ## - ADDED ENTRY--PERSONAL NAME | |
| Personal name | Bennett, L. |
| 942 ## - ADDED ENTRY ELEMENTS (KOHA) | |
| Suppress in OPAC | 0 |
| Withdrawn status | Lost status | Source of classification or shelving scheme | Damaged status | Not for loan | Home library | Current library | Shelving location | Date acquired | Total Checkouts | Full call number | Barcode | Date last seen | Copy number | Price effective from | Koha item type |
|---|---|---|---|---|---|---|---|---|---|---|---|---|---|---|---|
| Dewey Decimal Classification | London | London | Journal article | 08/08/2003 | ABS66888 | 123248-1001 | 06/08/2019 | 1 | 06/08/2019 | Journal article |